| 000 | 00958nam a22002417a 4500 | ||
|---|---|---|---|
| 008 | 240605b mp ||||| |||| 00| 0 mon d | ||
| 020 | _a978-99973-1-855-8 | ||
| 035 | _a25559 | ||
| 040 |
_aHE0623081 _bmon _cMN-UlNLM _dMN-UlNLM _erda |
||
| 041 | _amon | ||
| 042 | _a59396 | ||
| 084 |
_2NNA _a84(0)-44 _bЧ.191 |
||
| 100 | _aТөрмөнх Б. Чанагнянгар Б. | ||
| 245 | 0 | _aБэлгэлжин бор шувуу | |
| 264 |
_aУБ. _bМонсудар хэвлэлийн газар _c2021 |
||
| 300 | _a32х. | ||
| 336 |
_2rdacontent _atext _btxt |
||
| 337 |
_2rdamedia _aunmediated _bn |
||
| 338 |
_2rdacarrier _avolume _bnc |
||
| 650 | _a"Бяцхан шувуухай уут будаагаа унагачхаж гэнэ . Будаагаа эргүүж авахын тулд олон хүн амьтанд туслах хэрэгтэй болжээ. Бусдад зориу... | ||
| 942 |
_2NNA _cBK |
||
| 999 |
_c895238 _d895295 |
||